[Event "Hebraica op 31st"]
[Site "Hebraica"]
[Date "2023.06.30"]
[Round "2"]
[White "Bolsoni, Danilo Segateli"]
[Black "Bianchi, Eduardo Neto"]
[Result "0-1"]
[WhiteElo "1661"]
[BlackElo "1800"]
[PlyCount "110"]
[EventDate "2023.06.30"]
[EventType "swiss"]
[EventRounds "6"]
[EventCountry "BRA"]
[SourceTitle "CBM 215 Extra"]
[Source "ChessBase"]
[SourceDate "2023.09.30"]
[SourceVersion "1"]
[SourceVersionDate "2023.09.30"]
[SourceQuality "1"]

1. e4 c5 2. Nf3 d6 3. c3 Nf6 4. Bd3 Nc6 5. Bc2 g6 6. d4 cxd4 7. cxd4 Bg7 8. h3 Qb6 9. Nc3 0-0 10. 0-0 Nd7 11. Nd5 Qd8 12. Be3 b6 13. Qd2 e6 14. Nc3 Bb7 15. Bh6 Nf6 16. Rad1 Rc8 17. Rfe1 Na5 18. Bxg7 Kxg7 19. b3 Qc7 20. Re3 d5 21. e5 Ng8 22. Rc1 Ne7 23. Nb5 Qd7 24. Nd6 Rc7 25. Bd3 Rxc1+ 26. Qxc1 a6 27. Re2 Nac6 28. a3 Nc8 29. Nxb7 Qxb7 30. Rc2 N8e7 31. Qf4 b5 32. Qf6+ Kg8 33. Rd2 Na5 34. Bc2 Nec6 35. Nh2 Qe7 36. Ng4 Qxf6 37. Nxf6+ Kg7 38. Nd7 Rc8 39. Nc5 Nxd4 40. Rxd4 Rxc5 41. Rd2 Rc3 42. a4 Nxb3 43. Bxb3 Rxb3 44. axb5 Rxb5 45. Ra2 a5 46. Kf1 f6 47. f4 fxe5 48. fxe5 d4 49. Ke2 Rxe5+ 50. Kd3 Rd5 51. Ra4 Kf6 52. Rxd4 Rxd4+ 53. Kxd4 Kf5 54. Kc4 Kf4 55. Kb5 e5 0-1